000 00275nam a22001217a 4500
008 170810b xxu||||| |||| 00| 0 eng d
041 _aeng
080 _a004
100 _a35
101 _aSHK
245 _aINTRODUCTION TO LINEAR PROGRAMMING
_cNAYLOR,TH,H
942 _2udc
_cBK
999 _c23193
_d23193